01326nam a2200241 a 4500001001000000005001700010008004100027041000800068044000800076050001900084100003700103245023400140260005400374300001700428500007700445500007700522500000700599505031600606600005000922600006300972650002401035651002501059BRCA_831420190320210225.0240614s1848----enk####f##---#000-0#eng-# aeng aenk 4aPZ3b.R38 18481 aRathbone, Hannah Maryd1798-187810aSome further portions of the diary of Lady Willoughbybwhich do relate to her domestic history and to the events of the latter years of the reign of King Charles the First, the protectorate, and the restoration.cLady Willoughby. aLondresbLongman, Brown, Green and Longmansc1848 a2 v.c22 cm. aDos ejemplares inventariados por el Banco de México como un solo libro aEstado físico: volumen 2 con tapas y lomo rotos, sujetados por un lazo aR20 av.1 Some further portions of the diary of Lady Willoughby and to the events of the latter years of the reign of King Charles the First, the protectorate, and the restoration.-- v2. So much of the Diary of Lady Willoughby as relates to her domestic History an to the eventful period of reign of Charles the First14aWilloughby, Elizabeth CecilcBaronesad1663?m14aCharles IcRey de Inglaterra, Escocia e Irlandad1600-164914aLiteraturavDiarios 4aInglaterraxHistoria